La formacin̤ del contrato a travš de medios electrn̤icos en el marco de la comunidad andina

Bibliographic Details
Main Author: Hernǹdez Martn̕ez, William David
Format: eBook
Language:Spanish
Published: Bogot ̀: Universidad Sergio Arboleda, 2012
Subjects:
Online Access:http://www.vlex.com/source/10935

MARC

LEADER 00000nam a22000007a 4500
005 20130328185845.0
007 cr|||| ||||
008 130328e2012 ck |||||s|||| 00||0 spa d
020 |a 978-958-8745-40-4 
035 |a 10935 
040 |a vLex 
090 |c 4084  |d 4084 
100 1 0 |a Hernǹdez Martn̕ez, William David  
245 1 3 |a La formacin̤ del contrato a travš de medios electrn̤icos en el marco de la comunidad andina  |c / William David Hernǹdez Martn̕ez   |h [Recurso electrn̤ico] 
256 |a Servicio en ln̕ea 
260 |a Bogot ̀:  |b Universidad Sergio Arboleda,   |c 2012 
300 |a 1 Recurso electrn̤ico 
506 |a Contenido solo disponible en los productos indicados  |d vLex Global  |d vLex Global (Academic Edition, excluding Law Schools)  |d vLex Global (U.S. Academic Edition, Law Schools)  |d vLex Global (U.S. Academic Edition, excluding Law Schools)  |d vLex Global (Academic Edition, Law Schools) 
650 0 4 |a Derecho de las nuevas tecnologa̕s  |z Colombia 
650 0 4 |a Comercio electrn̤ico  |z Colombia 
650 0 4 |a E-Commerce  |z Colombia 
740 |a vLex Libros (Servicios en ln̕ea) 
856 |a Acceso restringido  |u http://www.vlex.com/source/10935 
942 |c BOOK